000 00976cam a22003133a 4500
001 9932
003 PGUSA
005 20140828083217.0
008 060201s2006||||xxu|||||s|||||000 1 eng d
040 _aPGUSA
_beng
042 _adc
050 4 _aPS
100 1 _aGrey, Zane,
_d1872-1939
245 1 4 _aThe Last Trail
_h[electronic resource] /
_cZane Grey
260 _bProject Gutenberg,
_c2006
506 _aPublic domain in the USA.
516 _aElectronic text
653 _aZane, Betty -- Fiction
653 _aScouting (Reconnaissance) -- Fiction
653 _aWetzel, Lewis, 1763-1808 -- Fiction
653 _aFort Henry (W. Va.) -- Fiction
653 _aWomen pioneers -- Fiction
653 _aIndians of North America -- Wars -- 1750-1815 -- Fiction
653 _aFrontier and pioneer life -- Fiction
653 _aOhio River Valley -- Fiction
830 0 _aProject Gutenberg
_v9932
856 4 0 _uhttp://www.gutenberg.org/ebooks/9932
942 _cEB
999 _c239188
_d239188